The nature of system change: reform impact in the criminal courts
| Main Author: | |
|---|---|
| Format: | Print Book |
| Language: | English |
| Published: |
Chicago
American Bar Foundation
1978
|
| In: | Year: 1978 |
| Availability in Tübingen: | Present in Tübingen. IFK: P XI 47 UB: KB 9 A 983 |
| Check availability: | HBZ Gateway |
| Subito Delivery Service: | Order now. |
| Keywords: |
MARC
| LEADER | 00000cam a22000002c 4500 | ||
|---|---|---|---|
| 001 | 1093441291 | ||
| 003 | DE-627 | ||
| 005 | 20251224220507.0 | ||
| 007 | tu | ||
| 008 | 910304s1978 xx ||||| 00| ||eng c | ||
| 035 | |a (DE-627)1093441291 | ||
| 035 | |a (DE-576)023441291 | ||
| 035 | |a (DE-599)BSZ023441291 | ||
| 035 | |a (OCoLC)04375724 | ||
| 040 | |a DE-627 |b ger |c DE-627 |e rakwb | ||
| 041 | |a eng | ||
| 082 | 0 | |a 345/.73 | |
| 100 | 1 | |a Nimmer, Raymond T. |4 aut | |
| 245 | 1 | 4 | |a The nature of system change |b reform impact in the criminal courts |c Raymond T. Nimmer |
| 264 | 1 | |a Chicago |b American Bar Foundation |c 1978 | |
| 300 | |a XIV, 225 p. |b ill. | ||
| 336 | |a Text |b txt |2 rdacontent | ||
| 337 | |a ohne Hilfsmittel zu benutzen |b n |2 rdamedia | ||
| 338 | |a Band |b nc |2 rdacarrier | ||
| 583 | 1 | |a Archivierung prüfen |c 20200919 |f DE-640 |z 3 |2 pdager | |
| 951 | |a BO | ||
| ELC | |b 1 | ||
| LOK | |0 000 xxxxxcx a22 zn 4500 | ||
| LOK | |0 001 2160433969 | ||
| LOK | |0 003 DE-627 | ||
| LOK | |0 004 1093441291 | ||
| LOK | |0 005 20020606000000 | ||
| LOK | |0 008 910304||||||||||||||||ger||||||| | ||
| LOK | |0 040 |a DE-21 |c DE-627 |d DE-21 | ||
| LOK | |0 852 |a DE-21 | ||
| LOK | |0 852 1 |c KB 9 A 983 |9 00 | ||
| LOK | |0 935 |a krim | ||
| LOK | |0 936ln |a k4.6.2.1 | ||
| LOK | |0 939 |a 04-03-91 |b l01 | ||
| LOK | |0 000 xxxxxcx a22 zn 4500 | ||
| LOK | |0 001 264628120X | ||
| LOK | |0 003 DE-627 | ||
| LOK | |0 004 1093441291 | ||
| LOK | |0 005 20100826133243 | ||
| LOK | |0 008 100826||||||||||||||||ger||||||| | ||
| LOK | |0 040 |a DE-21-110 |c DE-627 |d DE-21-110 | ||
| LOK | |0 541 |e 10/244 | ||
| LOK | |0 689 |a s |a Gerichtswesen | ||
| LOK | |0 689 |a s |a Reform | ||
| LOK | |0 689 |a s |a Justiz | ||
| LOK | |0 689 |a s |a Gerichtsverfahren | ||
| LOK | |0 689 |a s |a Beschleunigungsgebot | ||
| LOK | |0 689 |a g |a USA | ||
| LOK | |0 852 |a DE-21-110 | ||
| LOK | |0 852 1 |c P XI 47 |m p |9 00 | ||
| LOK | |0 936ln |a 2.5 | ||
| LOK | |0 938 |a 1008 | ||
| LOK | |0 938 |k p | ||
| LOK | |0 939 |a 26-08-10 |b l01 | ||
| ORI | |a SA-MARC-krimdoka001.raw | ||
| SIG | |a IFK: P XI 47 | ||
| SIG | |a UB: KB 9 A 983 | ||
